[Event "CHN Team Women 2016"]
[Site "Wuxi CHN"]
[Date "2016.08.01"]
[Round "6.6"]
[White "Li Xueyi"]
[Black "Ning,Kaiyu"]
[Result "1/2-1/2"]
[WhiteElo "2176"]
[BlackElo "1820"]

1.d4 d5 2.c4 dxc4 3.e4 Nf6 4.Nc3 e5 5.d5 c6 6.Bg5 Bb4 7.Bxf6 Bxc3+ 8.bxc3 Qxf6
9.Bxc4 O-O 10.Ne2 Nd7 11.O-O Nb6 12.Bb3 cxd5 13.exd5 Qd6 14.Ng3 f5 15.Qc2 g6
16.Rfe1 Nd7 17.Qe2 a5 18.Rad1 b6 19.Ba4 Ba6 20.Qb2 Nc5 21.Bc6 Nd3 22.Rxd3 Bxd3
23.Bxa8 Rxa8 24.Nf1 Bxf1 25.Rxf1 Qxd5 26.Qxb6 Qxa2 27.Qc6 Rb8 28.c4 Rb1 29.Qe8+ Kg7
30.Qxe5+ Kh6 31.Qe3+ Kg7 32.Qd4+ Kh6 33.g3 Rxf1+ 34.Kxf1 a4 35.c5 a3 36.c6 Qb1+
37.Kg2 a2 38.Qe3+ Kg7 39.Qe7+ Kh6 40.Qh4+ Kg7 41.Qe7+ Kh6 42.Qf8+ Kh5 43.Qe7 Kh6
44.Qh4+  1/2-1/2

[Event "70th Butnorius Open 2016"]
[Site "Kaunas LTU"]
[Date "2016.08.05"]
[Round "7.35"]
[White "Pucius,Benas"]
[Black "Aleknavicius,Andrius"]
[Result "0-1"]
[WhiteElo "1226"]
[BlackElo "1514"]

1.d4 d5 2.c4 dxc4 3.e4 Nf6 4.e5 Nd5 5.Bxc4 Nb6 6.Bb3 Nc6 7.Nf3 e6 8.Be3 Bb4+
9.Nc3 O-O 10.a3 Be7 11.O-O Re8 12.Qe2 Bf8 13.Rad1 Ne7 14.Qc2 c6 15.Ng5 Ng6
16.h4 Be7 17.Nce4 h6 18.h5 hxg5 19.hxg6 f5 20.Nd6 Bxd6 21.exd6 Nd5 22.Bxd5 exd5
23.Rfe1 Bd7 24.Bd2 Qf6 25.Qc3 Qxg6 26.Re7 Qxd6 27.Rxe8+ Rxe8 28.Bxg5 b6 29.Qf3 Re4
30.Be3 c5 31.dxc5 bxc5 32.Bd2 Qe5 33.b4 c4 34.Bc3 d4 35.Bb2 Ba4 36.Rc1 c3
37.Bxc3 dxc3 38.Qxc3 Qxc3 39.Rxc3 Re7 40.Kh2 Kf7 41.Rf3 Ke6 42.Rg3 Kf6 43.Rf3 g5
44.g4 f4 45.Rd3 Bc6 46.Rd6+ Re6 47.Rd4 Ke5 48.Rc4 Rh6+  0-1

[Event "CellaVision Cup 2016"]
[Site "Lund SWE"]
[Date "2016.08.05"]
[Round "2.12"]
[White "Nylen,A"]
[Black "Cramling,P"]
[Result "0-1"]
[WhiteElo "2100"]
[BlackElo "2441"]

1.d4 d5 2.c4 dxc4 3.e4 Nf6 4.Nc3 e5 5.Nf3 exd4 6.Qxd4 Qxd4 7.Nxd4 Bc5 8.Nc2 Be6
9.Ne3 Nc6 10.Bxc4 Bxe3 11.Bxe6 Bxc1 12.Bxf7+ Kxf7 13.Rxc1 Rhe8 14.f3 Rad8
15.Ke2 Nd4+ 16.Ke3 c5 17.g4 b6 18.Rhf1 Nd5+ 19.Nxd5 Rxd5 20.Rfe1 Rd6 21.f4 Rh6
22.e5 Rxh2 23.Ke4 Rxb2 24.Rh1 h6 25.Kd5 Rd8+ 26.Ke4 Ne2 27.e6+ Ke7  0-1

[Event "81st ch-ESP 2016"]
[Site "Linares ESP"]
[Date "2016.08.06"]
[Round "2.22"]
[White "Garriga Cazorla,Pere"]
[Black "Navarro Lopez Menchero,D"]
[Result "1/2-1/2"]
[WhiteElo "2392"]
[BlackElo "2233"]

1.d4 d5 2.c4 dxc4 3.e4 Nc6 4.Nf3 Bg4 5.d5 Ne5 6.Bf4 Ng6 7.Be3 e5 8.Bxc4 a6
9.Nc3 Nf6 10.Be2 Bd6 11.Nd2 Bd7 12.O-O b5 13.a3 c6 14.Nb3 O-O 15.Nc5 cxd5
16.Nxd5 Bc6 17.Nb4 Bxc5 18.Bxc5 Qxd1 19.Rfxd1 Rfc8 20.Nxc6 Rxc6 21.b4 Nxe4
22.Bf3 f5 23.g3 Nf8 24.a4 bxa4 25.Rxa4 Rb8 26.Be3 Rc4 27.Rd5 Rcxb4 28.Rxb4 Rxb4
29.Rxe5 Rb5 30.Re7 Ng6 31.Ra7 h6 32.Be2 Rb1+ 33.Kg2 Rb4 34.Rxa6 Ne5 35.h3 Kf7
36.Bh5+ g6 37.Be2 h5 38.Ra5 Ke6 39.Bf4 Nc6 40.Ra2 Nc3 41.Rc2 Nxe2 42.Rxc6+ Kf7
43.Rc7+ Kf6 44.Bd2 Re4 45.h4 f4 46.Kf3 Re8 47.Bxf4 Nxf4 48.Kxf4 Re6 49.f3 Ra6
50.Rc4 Rb6 51.g4 hxg4 52.fxg4 Ra6 53.Rd4 Rb6 54.g5+ Kf7 55.Ke5 Re6+ 56.Kd5 Re1
57.Rf4+ Kg7 58.Re4 Rd1+ 59.Ke5 Ra1 60.Ke6 Ra6+ 61.Kd7 Ra7+ 62.Kc6 Kf7 63.Rf4+ Kg7
64.Rd4 Ra6+ 65.Kc7 Ra7+ 66.Kd8 Ra8+ 67.Ke7 Ra1 68.Rd7 Re1+ 69.Kd6+ Kf8 70.Rh7 Re2
71.Kd7 Re1 72.Kd6  1/2-1/2

[Event "9th Arad Open 2016"]
[Site "Arad ROU"]
[Date "2016.08.07"]
[Round "2.9"]
[White "Cioara,A"]
[Black "Ionescu,I"]
[Result "0-1"]
[WhiteElo "2437"]
[BlackElo "2236"]

1.d4 d5 2.c4 dxc4 3.e4 e5 4.Nf3 exd4 5.Bxc4 Bb4+ 6.Nbd2 Nc6 7.O-O Be6 8.Bxe6 fxe6
9.Nb3 d3 10.Bg5 Nge7 11.Kh1 O-O 12.a3 Bd6 13.Qxd3 Qe8 14.Qc4 Rxf3 15.gxf3 Qh5
16.Qxe6+ Kh8 17.f4 Nd8 18.Qd7 Qf3+ 19.Kg1 Qxb3 20.e5 Bc5 21.Rac1 Qe6 22.Rfd1 h6
23.Bh4 Qg6+ 24.Kf1 Ne6 25.Bxe7 Bxe7 26.Qxe7 Nxf4 27.Qh4 Qg2+ 28.Ke1 Qe4+
29.Kf1 Qg6 30.Qe7  0-1

[Event "20th Copa Mercosur 2016"]
[Site "Buenos Aires ARG"]
[Date "2016.08.09"]
[Round "5.3"]
[White "Santiago,Y"]
[Black "Iermito,S"]
[Result "0-1"]
[WhiteElo "2427"]
[BlackElo "2492"]

1.d4 d5 2.c4 dxc4 3.e4 Nc6 4.Nf3 Bg4 5.d5 Ne5 6.Bf4 Ng6 7.Be3 Nf6 8.Nc3 e5
9.Bxc4 Nh4 10.Rg1 a6 11.Be2 Ng6 12.Nd2 Bxe2 13.Qxe2 Bb4 14.O-O-O Bxc3 15.bxc3 O-O
16.h4 c6 17.h5 Nf4 18.Bxf4 exf4 19.g3 Qa5 20.Kb2 cxd5 21.e5 Rac8 22.exf6 Qxc3+
23.Kb1 Qc2+ 24.Ka1 Qc3+ 25.Kb1 Rfe8 26.Qf3 Re3 27.Rc1 Rxf3 28.Rxc3 Rfxc3
29.gxf4 g6 30.f5 R8c6  0-1

[Event "24th Poznan Open 2016"]
[Site "Poznan POL"]
[Date "2016.08.13"]
[Round "7.49"]
[White "Purczynski,Andrzej"]
[Black "Roszkiewicz,Anna"]
[Result "1/2-1/2"]
[WhiteElo "1232"]
[BlackElo "1476"]

1.d4 d5 2.c4 dxc4 3.e4 c5 4.Nf3 Bg4 5.Qa4+ Qd7 6.Qxd7+ Nxd7 7.Ne5 Nxe5 8.dxe5 Rd8
9.Nc3 b5 10.h3 Bd7 11.Be2 e6 12.O-O Ne7 13.a4 a6 14.axb5 axb5 15.Bg5 h6 16.Bh4 Rb8
17.Ra5 b4 18.Na4 Nc6 19.Ra6 Nxe5 20.Bg3 Bxa4 21.Rxa4 Bd6 22.Rd1 Rb6 23.Rxd6 Rxd6
24.Ra8+ Rd8 25.Rxd8+ Kxd8 26.Bxe5 f6 27.Bd6 c3 28.bxc3 bxc3 29.Bd1 Kd7 30.Bxc5 Rc8
31.Ba4+ Kd8 32.Be3 c2 33.Bc1 Rc4 34.Bb3 Rxe4 35.Kf1 Re5 36.Bd2 Rc5 37.Bc1 Ra5
38.Ke2 Kd7 39.Bxc2 Ra2 40.Kd1  1/2-1/2

[Event "19th Olomouc Open 2016"]
[Site "Olomouc CZE"]
[Date "2016.08.16"]
[Round "5.6"]
[White "Nishant,M"]
[Black "Bombek,P"]
[Result "1-0"]
[WhiteElo "2060"]
[BlackElo "2212"]

1.d4 d5 2.c4 dxc4 3.e4 Nf6 4.e5 Nd5 5.Bxc4 Nb4 6.e6 Bxe6 7.Bxe6 fxe6 8.Nf3 N8c6
9.a3 Nd5 10.Qb3 Nb6 11.Nc3 Nxd4 12.Nxd4 Qxd4 13.Nb5 Qe4+ 14.Be3 O-O-O 15.Rc1 Rd7
16.O-O a6 17.Nxc7  1-0

[Event "26th EY GU16 2016"]
[Site "Prague CZE"]
[Date "2016.08.18"]
[Round "1.27"]
[White "Waechter,Nathalie"]
[Black "Urbanc,Ana"]
[Result "1-0"]
[WhiteElo "1993"]
[BlackElo "1681"]

1.d4 d5 2.c4 dxc4 3.e4 e6 4.a3 Nf6 5.Nc3 Nbd7 6.Bxc4 Nb6 7.Be2 c5 8.Be3 cxd4
9.Bxd4 Be7 10.Nf3 O-O 11.O-O Nbd7 12.Rc1 b6 13.Bb5 Bb7 14.Bxf6 Nxf6 15.Qe2 Qb8
16.Nd4 Rc8 17.Rfd1 Qe5 18.Nf3 Qf4 19.Bd3 Rd8 20.h3 Rac8 21.Rc2 Nxe4 22.Bxe4 Rxd1+
23.Qxd1 Bxe4 24.Nxe4 Rxc2 25.Qxc2 Qb8 26.Nd4  1-0

[Event "31st Teteven Open 2016"]
[Site "Teteven BUL"]
[Date "2016.08.18"]
[Round "6.41"]
[White "Koev,Koycho"]
[Black "Kolev,Georgi"]
[Result "0-1"]
[WhiteElo "1411"]
[BlackElo "1517"]

1.d4 d5 2.c4 dxc4 3.e4 c5 4.d5 e6 5.Bxc4 exd5 6.exd5 Nf6 7.Nf3 Bd6 8.O-O O-O
9.Bg5 Bg4 10.Qd3 Nbd7 11.Nbd2 Qc7 12.h3 Bh5 13.Ne4 Bg6 14.Bxf6 Bxe4 15.Qxe4 Nxf6
16.Qd3 a6 17.Bb3 Rac8 18.Rac1 Bf4 19.Rc2 b5 20.a3 c4 21.Qd4 Qd6 22.Ba2 Nxd5
23.Rd1 Rfd8 24.Qe4 Qe6 25.Qxe6 fxe6 26.Re2 Kf7 27.Nd4 Nc7 28.Re4 e5 29.Bb1 Ne6
30.Bc2 Rxd4 31.Rexd4 exd4 32.Bf5 g6 33.Bxe6+ Kxe6  0-1

[Event "Lichtenberger Sommer 2016"]
[Site "Berlin GER"]
[Date "2016.08.20"]
[Round "8.75"]
[White "Schacht,T"]
[Black "Casny,G"]
[Result "0-1"]
[WhiteElo "1678"]
[BlackElo "1862"]

1.d4 d5 2.c4 dxc4 3.e4 a6 4.Bxc4 Nf6 5.Nc3 b5 6.Bb3 Bb7 7.Qc2 e6 8.Nf3 Bb4
9.Bg5 h6 10.Bxf6 gxf6 11.O-O c6 12.Rad1 Qe7 13.a3 Bxc3 14.bxc3 Nd7 15.Rfe1 Nb6
16.a4 Rd8 17.a5 Na8 18.d5 cxd5 19.exd5 e5 20.c4 Nc7 21.Nd4 Qc5 22.Qf5 Rd6
23.Nc6 Kf8 24.Rc1 b4 25.Ra1 Bxc6 26.Qc8+ Be8 27.Ba4 Ke7 28.Bc6 Rxc6 29.dxc6 Qxc6
30.Red1 Ne6 31.Qxc6 Bxc6 32.Rab1 Rb8 33.Rd2 Nd4 34.Rdb2 b3 35.f3 Rb4 36.Rc1 Ra4
37.Kf2 Rxa5 38.Ke3 Rc5 39.f4 a5 40.fxe5 fxe5 41.Kd3 a4 42.Kc3 a3 43.Rxb3 Nxb3
44.Kxb3 Bxg2 45.Kb4 Rc8 46.Kxa3 Rb8 47.Rd1 f5 48.c5 f4 49.Rd6 Rc8 50.Rd5 Bxd5  0-1

[Event "26th EY BU18 2016"]
[Site "Prague CZE"]
[Date "2016.08.20"]
[Round "3.20"]
[White "Suarez Gomez,Julio"]
[Black "Redondo Benavente,Jose Carlos"]
[Result "1/2-1/2"]
[WhiteElo "2429"]
[BlackElo "2206"]

1.d4 d5 2.c4 dxc4 3.e4 Nf6 4.Nc3 e5 5.d5 c6 6.Bg5 h6 7.Bxf6 Qxf6 8.Bxc4 Bc5
9.Qf3 Nd7 10.dxc6 bxc6 11.Qxf6 Nxf6 12.Nf3 Bd4 13.Nxd4 exd4 14.Na4 Nxe4 15.O-O-O O-O
16.Rxd4 Nxf2 17.Rf1 Ng4 18.Rxf7 Rxf7 19.Rd8+ Kh7 20.Bxf7 Bb7 21.Rd7 Bc8 22.Rd8 Bb7
23.Bg8+ Kh8 24.Rxa8 Bxa8 25.Be6 Nxh2 26.Nc5 Nf1 27.a4 h5 28.a5 Ne3 29.g3 g5
30.Kd2 Nd5 31.Kd3 h4 32.gxh4 Nf4+ 33.Ke4 Nxe6 34.Nxe6 c5+ 35.Kf5 gxh4 36.Kg4 c4
37.Kxh4 Kg8 38.Kg5 Kf7 39.Kf5 Ke7 40.Nc7 Bc6 41.Ke5 Kd7 42.Na6 Bg2 43.Nb4 Kc7
44.Kd4 Bf1 45.Kc5 Kb7 46.a6+ Kc7 47.Nd5+ Kb8 48.Nc3 Kc7 49.Nb5+ Kb8 50.Kc6 Bg2+
51.Kd6 Bf1 52.Nc3 Bd3 53.Kc5 Bf1 54.Nb5 Bd3 55.Nd4 c3 56.Nc6+ Ka8 57.bxc3 Bxa6
58.Nb4 Bf1 59.c4 Bxc4  1/2-1/2

[Event "25th Feffernitz Open 2016"]
[Site "Feffernitz AUT"]
[Date "2016.08.24"]
[Round "5.15"]
[White "Zoehrer,Gregor"]
[Black "Koefeler,C"]
[Result "1/2-1/2"]
[WhiteElo "1725"]
[BlackElo "2012"]

1.d4 d5 2.c4 dxc4 3.e4 e5 4.Nf3 exd4 5.Bxc4 Nc6 6.O-O Be6 7.Bb5 Bc5 8.b4 Bb6
9.a4 a6 10.Bxc6+ bxc6 11.Qd3 c5 12.bxc5 Bxc5  1/2-1/2

[Event "25th Feffernitz Open 2016"]
[Site "Feffernitz AUT"]
[Date "2016.08.28"]
[Round "9.3"]
[White "Zakhartsov,Vi"]
[Black "Mazi,L"]
[Result "1-0"]
[WhiteElo "2532"]
[BlackElo "2364"]

1.d4 d5 2.c4 dxc4 3.e4 Nf6 4.e5 Nd5 5.Bxc4 Nb6 6.Bd3 Nc6 7.Be3 Nb4 8.Be4 f5
9.a3 fxe4 10.axb4 e6 11.Nc3 Bxb4 12.Qh5+ g6 13.Qg4 Nc4 14.Ne2 Nxe3 15.fxe3 O-O
16.Nf4 Rf5 17.O-O Bxc3 18.bxc3 Bd7 19.Rfb1 b6 20.Ne2 Bc6 21.Ng3 Qg5 22.Nxf5 Qxf5
23.Qe2 Qg5 24.c4 a5 25.Rf1 Qe7 26.Rf6 a4 27.Qg4 Re8 28.Qh4  1-0

[Event "24th Nikaia Open"]
[Site "Nikaia GRE"]
[Date "2016.08.31"]
[Round "7.1"]
[White "Stathopoulos,I"]
[Black "Kofidis,A"]
[Result "1-0"]
[WhiteElo "2387"]
[BlackElo "2408"]

1.d4 d5 2.c4 dxc4 3.e4 e5 4.Nf3 exd4 5.Qxd4 Nc6 6.Qxd8+ Nxd8 7.Nc3 c6 8.Bd2 Be6
9.Nd4 Bc5 10.Nxe6 Nxe6 11.Bxc4 Rd8 12.Rf1 Nf6 13.f3 O-O 14.O-O-O Rd4 15.Bb3 Rfd8
16.Kc2 R4d7 17.Ne2 Bd4 18.Ba5 b6 19.Bxe6 fxe6 20.Nxd4 Rxd4 21.Rxd4 Rxd4 22.Bc3 Rd7
23.a4 Kf7 24.Rc1 Ng8 25.a5 Ne7 26.axb6 axb6 27.Ra1 c5 28.Ra6 Nc8 29.Kb3 g5
30.Ka4 Rb7 31.Ra8 b5+ 32.Ka5 Nd6 33.Ka6 b4 34.Be5 Rd7 35.Rh8 Kg6 36.Rg8+ Kh5
37.Bf6 h6 38.Kb6 c4 39.Kc6 Rf7 40.g4+ Kh4 41.Rg6 Kh3 42.Rxh6+ Kg2 43.Kxd6 c3
44.Bxc3 bxc3 45.bxc3 Kxf3 46.Kxe6 Rf4 47.e5 Rxg4 48.Kf7 Rf4+ 49.Rf6 Kg2 50.e6  1-0

[Event "30th Pula Open 2016"]
[Site "Pula CRO"]
[Date "2016.09.16"]
[Round "8.15"]
[White "Konic,Z"]
[Black "Mestek,I"]
[Result "1/2-1/2"]
[WhiteElo "2118"]
[BlackElo "2110"]

1.d4 d5 2.c4 dxc4 3.e4 e5 4.Nf3 exd4 5.Nxd4 Nf6 6.Nc3 Bc5 7.Be3 O-O 8.f3 Qe7
9.Bxc4 Nc6 10.Nxc6 bxc6 11.Qe2 Rb8 12.Rb1 Bb6 13.O-O h6 14.Kh1 Be6  1/2-1/2

[Event "Primorsko Open 2016"]
[Site "Primorsko BUL"]
[Date "2016.09.22"]
[Round "6.4"]
[White "Dimitrov,R"]
[Black "Ivanov,Jo"]
[Result "1/2-1/2"]
[WhiteElo "2489"]
[BlackElo "2343"]

1.d4 d5 2.c4 dxc4 3.e4 b5 4.a4 c6 5.axb5 cxb5 6.b3 e5 7.Nf3 Nf6 8.bxc4 Nxe4
9.c5 exd4 10.Bxb5+ Bd7 11.Qe2 Bxb5 12.Qxb5+ Qd7 13.Qe2 f5 14.Ne5 Qd5 15.Qb5+ Nd7
16.Nxd7 Qxd7 17.c6 Qc7 18.O-O Bc5 19.Ba3 Rb8 20.Qc4 Qf7 21.Qxf7+ Kxf7 22.Bxc5 Nxc5
23.Rxa7+ Kf6 24.c7 Rb6 25.Nd2 Rc8 26.Rc1 Ne6 27.g3 g5 28.Nf3 Rd6 29.Rb7 h6
30.Kf1 d3 31.Ke1 g4 32.Nd2 Rd7 33.Nb3 Rcxc7 34.Rcxc7 Rxc7 35.Rxc7 Nxc7 36.Kd2 Ne6
37.Kxd3 Ke5  1/2-1/2

[Event "Hamina Bastioni Open 2016"]
[Site "Hamina FIN"]
[Date "2016.09.24"]
[Round "2.2"]
[White "Moiseenko,Va"]
[Black "Zubritskiy,A"]
[Result "1-0"]
[WhiteElo "2527"]
[BlackElo "2442"]

1.d4 d5 2.c4 dxc4 3.e4 Nf6 4.e5 Nd5 5.Bxc4 Nb6 6.Bd3 Nc6 7.Ne2 Bg4 8.f3 Be6
9.Nbc3 Nb4 10.Bb1 Bc4 11.a3 N4d5 12.Ne4 e6 13.O-O Qd7 14.b3 Bxe2 15.Qxe2 Nf4
16.Qc2 Qxd4+ 17.Kh1 Qxe5 18.Re1 Nd3 19.Qxd3 Qxa1 20.b4 Qe5 21.Bg5 Qd5 22.Qe2 Be7
23.Ba2 Qd7 24.Rd1 Nd5 25.Bxd5 exd5 26.Nc5 Qd6 27.Rxd5 O-O 28.Rxd6 Bxd6 29.Nxb7 Rfe8
30.Qd2 Bf8 31.h4 Re6 32.Be3 Rae8 33.Bc5 Rh6 34.Qf2 g5 35.Bxf8 Rxh4+ 36.Kg1 Rxf8
37.Qc5  1-0

[Event "Satka Autumn 2016"]
[Site "Satka RUS"]
[Date "2016.09.24"]
[Round "4.2"]
[White "Drozdova,D"]
[Black "Baraeva,M"]
[Result "1-0"]
[WhiteElo "2242"]
[BlackElo "2175"]

1.d4 d5 2.c4 dxc4 3.e4 e5 4.Nf3 exd4 5.Qxd4 Qxd4 6.Nxd4 Bc5 7.Nb5 Na6 8.Bf4 Nf6
9.N1c3 c6 10.Nd6+ Bxd6 11.Bxd6 Be6 12.O-O-O O-O-O 13.Be2 b5 14.f3 Kb7 15.g4 Ne8
16.Be7 Rxd1+ 17.Rxd1 Nec7 18.f4 Re8 19.Bd6 f6 20.a3 Bf7 21.f5 Nb8 22.Bg3 Kc8
23.e5 Nd7 24.Ne4 Nxe5 25.Nd6+ Kb8 26.Nxe8 Bxe8 27.Bxe5 fxe5 28.Bf3 Kc8 29.g5 a6
30.Rd6 c5 31.h4 b4 32.h5 e4 33.Bxe4 Bxh5 34.Bc6 Nb5 35.Bxb5 axb5 36.Rc6+ Kd8
37.Rxc5 bxa3 38.bxa3 Be8 39.Re5 Bd7 40.Kd2 h6 41.g6 Be8 42.f6 gxf6 43.g7 Bf7
44.Rxb5 Ke7 45.Rb8 f5 46.g8=Q  1-0

[Event "TCh-ESP Div Honor 2016"]
[Site "Monzon ESP"]
[Date "2016.09.26"]
[Round "1.1"]
[White "Anton Guijarro,D"]
[Black "Banusz,T"]
[Result "1-0"]
[WhiteElo "2630"]
[BlackElo "2613"]

1.d4 d5 2.c4 dxc4 3.e4 Nc6 4.Nf3 Bg4 5.Be3 Bxf3 6.gxf3 e6 7.Nc3 Qf6 8.Qa4 Bb4
9.O-O-O Ne7 10.Bxc4 O-O-O 11.h4 Bxc3 12.bxc3 Qxf3 13.Qc2 f5 14.Bxe6+ Kb8
15.Rhg1 fxe4 16.d5 Ne5 17.Rg3 Qf8 18.Qxe4 Nd7 19.Bxd7 Rxd7 20.Qa4 Rxd5 21.Rxd5 Nxd5
22.Bxa7+ Kc8 23.Qg4+ Kd8 24.Rd3 c6 25.Bb6+ Ke8 26.Qc8+ Kf7 27.Qxb7+ Qe7 28.Qxc6 Nxb6
29.Rf3+ Kg8 30.Re3 Qa3+ 31.Kb1 h5 32.Re8+ Kh7 33.Qe4+  1-0

[Event "TCh-SRB Premier 2016"]
[Site "Kragujevac SRB"]
[Date "2016.09.27"]
[Round "6.4"]
[White "Ivanisevic,I"]
[Black "Nikolic,Pr"]
[Result "1/2-1/2"]
[WhiteElo "2650"]
[BlackElo "2622"]

1.d4 d5 2.c4 dxc4 3.e4 e5 4.Nf3 exd4 5.Bxc4 Bb4+ 6.Nbd2 Nc6 7.O-O Nf6 8.e5 Nd5
9.a3 Bxd2 10.Bxd2 Be6 11.Ng5 Qe7 12.Qb3 O-O-O 13.Rfe1 Na5 14.Bxa5 Qxg5 15.Rac1 b6
16.Qc2 Kb8 17.Bd2 Qe7 18.b4 g5 19.Qe4 h6  1/2-1/2

[Event "Ikh Nuudel GM 2016"]
[Site "Ulan Bator MGL"]
[Date "2016.09.27"]
[Round "8.4"]
[White "Fominyh,A"]
[Black "Khusnutdinov,R"]
[Result "1/2-1/2"]
[WhiteElo "2422"]
[BlackElo "2471"]

1.d4 d5 2.c4 dxc4 3.e4 Nf6 4.e5 Nd5 5.Bxc4 Nc6 6.Nf3 Bf5 7.Qb3 Na5 8.Qa4+ Nc6
9.Qb3 Na5 10.Qa4+ Nc6  1/2-1/2

[Event "World Youth Open U16 2016"]
[Site "Khanty-Mansiysk RUS"]
[Date "2016.10.02"]
[Round "10.12"]
[White "Zhu,Yi"]
[Black "Makhnyov,Denis"]
[Result "0-1"]
[WhiteElo "2296"]
[BlackElo "2375"]

1.d4 d5 2.c4 dxc4 3.e4 Nc6 4.Nf3 Bg4 5.Bxc4 e6 6.Be3 Nf6 7.Nc3 Bb4 8.Qd3 O-O
9.Nd2 e5 10.d5 Ne7 11.f3 Bd7 12.a3 Bd6 13.Nb5 Bxb5 14.Bxb5 a6 15.Ba4 b5 16.Bc2 c5
17.dxc6 Nxc6 18.Nb3 Qe7 19.O-O Rfd8 20.Qe2 Nd4 21.Nxd4 exd4 22.Bf2 Nd5 23.Rfd1 Bc5
24.Bb3 Ne3 25.Rd3 Rac8 26.Kh1 Bb6 27.g3 g6 28.Re1 Kg7 29.g4 Qg5 30.Rg1 h5
31.h4 Qe5 32.Bg3 Qc5 33.g5 Qe7 34.Bf4 Nc4 35.Qh2 Bc7 36.Bxc7 Rxc7 37.Qf2 Rcd7
38.Rgd1 Ne3 39.Bd5 Qc5 40.b4 Qb6 41.Re1 Nxd5 42.exd5 Rxd5 43.Re4 Rc8 44.Kg2 Rc4
45.Qd2 Qc6 46.Kg3 Rc2 47.Qd1 Qc7+ 48.f4 Rc3 49.Kf2 Qc4 50.Rd2 Rxa3 51.Rexd4 Rxd4
52.Rxd4 Qc3  0-1

[Event "ch-RUS Blitz w 2016"]
[Site "Sochi RUS"]
[Date "2016.10.04"]
[Round "4.4"]
[White "Nechaeva,Marina"]
[Black "Shaydullina,S"]
[Result "1-0"]
[WhiteElo "2428"]
[BlackElo "2142"]

1.d4 d5 2.c4 dxc4 3.e4 b5 4.a4 c6 5.axb5 cxb5 6.b3 e5 7.bxc4 exd4 8.cxb5 Bb7
9.Bd3 Nf6 10.Nf3 Bb4+ 11.Bd2 Qe7 12.O-O O-O 13.Bxb4 Qxb4 14.Ra4 Qc5 15.Rxd4 Nbd7
16.Nbd2 Rfe8 17.Qb1 h6 18.Rc1 Qb6 19.Nc4 Qe6 20.Nd6 Reb8 21.Bc4 Qe7 22.Bxf7+ Kh8
23.Nh4 Nf8 24.Nhf5 Qd7 25.e5 g6 26.Nxh6 N6h7 27.Bxg6 Qe7 28.Ndf7+ Kg7  1-0

[Event "1st Yerevan Open 2016"]
[Site "Yerevan ARM"]
[Date "2016.10.04"]
[Round "3.16"]
[White "Babujian,L"]
[Black "Tiraturyan,D"]
[Result "1-0"]
[WhiteElo "2465"]
[BlackElo "2242"]

1.d4 d5 2.c4 dxc4 3.e4 e5 4.Nf3 exd4 5.Bxc4 Nc6 6.O-O Be6 7.Bb5 Bc5 8.b4 Bb6
9.Bb2 Nf6 10.a4 a5 11.bxa5 Rxa5 12.Nxd4 Bxd4 13.Qxd4 Qxd4 14.Bxd4 Nxe4 15.Bxg7 Rg8
16.Be5 Kd8 17.Bb2 Kc8 18.Re1 Ng5 19.Nd2 Ne7 20.Kf1 c6 21.Rac1 Ng6 22.Bc3 Ra8
23.Bf6 h6 24.Ne4 Kb8 25.Bxg5 hxg5 26.Nc5 Re8 27.Be2 Kc7 28.Bf3 Nf4 29.Nxb7 Kxb7
30.Bxc6+ Ka7 31.Bxa8 Kxa8 32.Rc5 g4 33.Rd1 Bc8 34.Ra5+ Kb7 35.Rd4 Ng6 36.Rb4+ Kc6
37.Ra8 Ne5 38.a5 Nd3 39.Rb1 Nc5 40.g3 Kd7 41.Rb6 Re6 42.Ra7+ Ke8 43.Rc7 Ba6+
44.Kg2 Nd7 45.Rxe6+ fxe6 46.f3 Kd8 47.Ra7 gxf3+ 48.Kxf3 Bb5 49.h4 Bc6+ 50.Ke3 e5
51.g4 Kc8 52.h5 Nf6 53.Rg7 Bd7 54.h6  1-0

[Event "Pervomaisky IM Autumn"]
[Site "Pervomaisky RUS"]
[Date "2016.10.06"]
[Round "10"]
[White "Kravchenko,A"]
[Black "Kurilin,A"]
[Result "0-1"]
[WhiteElo "1939"]
[BlackElo "2315"]

1.d4 d5 2.c4 dxc4 3.e4 e5 4.Nf3 exd4 5.Bxc4 Nc6 6.O-O Be6 7.Bxe6 fxe6 8.Qb3 Qd7
9.Qxb7 Rb8 10.Qa6 Nf6 11.Nbd2 Bd6 12.Qd3 O-O 13.a3 Ng4 14.h3 Nge5 15.Nxe5 Nxe5
16.Qxd4 Qb5 17.Qc3 Qe2 18.Qe3 Qxe3 19.fxe3 Rfd8 20.b4 c5 21.Nf3 Nxf3+ 22.gxf3 cxb4
23.axb4 Rd7 24.Bd2 Bxb4 25.Bxb4 Rxb4 26.Rfb1 Rxb1+ 27.Rxb1 a5 28.f4 a4 29.Rb8+ Kf7
30.Ra8 Rd1+ 31.Kg2 Ra1 32.Ra7+ Kf6 33.e5+ Kf5 34.Rxg7 a3 35.Rxh7 a2 36.Ra7 Kg6
37.e4 Kh5 38.Kg3 Rg1+ 39.Kf3 a1=Q 40.Rxa1 Rxa1 41.f5 Kg5 42.f6 Ra3+ 43.Kg2 Kg6
44.h4 Re3 45.h5+ Kf7 46.h6 Rxe4 47.Kg3 Rxe5 48.Kg4 Re4+ 49.Kg5 Ra4 50.h7 Ra8
51.Kh6 Kxf6 52.Kh5 e5 53.Kg4 Rh8  0-1

[Event "1st Yerevan Open 2016"]
[Site "Yerevan ARM"]
[Date "2016.10.10"]
[Round "9.17"]
[White "Nadanian,A"]
[Black "Tiraturyan,D"]
[Result "0-1"]
[WhiteElo "2391"]
[BlackElo "2242"]

1.d4 d5 2.c4 dxc4 3.e4 e5 4.Nf3 exd4 5.Bxc4 Nc6 6.O-O Be6 7.Bxe6 fxe6 8.Qb3 Qd7
9.Qxb7 Rb8 10.Qa6 Nf6 11.Nbd2 Bb4 12.Qd3 Bxd2 13.Bxd2 Rxb2 14.Rfc1 O-O 15.Rc5 Ng4
16.Rg5 Rxf3 17.Qxf3 Nce5 18.Qf4 h6 19.Rh5 g5 20.Qg3 Rxd2 21.h3 Rd3 22.f3 Qd6
23.Kf1 Ne3+ 24.Kg1 Rd2  0-1

[Event "25th TCh-CRO Div 1a 2016"]
[Site "Sibenik CRO"]
[Date "2016.10.14"]
[Round "7.2"]
[White "Martinovic,Sa"]
[Black "Sprenger,J"]
[Result "0-1"]
[WhiteElo "2563"]
[BlackElo "2513"]

1.d4 d5 2.c4 dxc4 3.e4 e5 4.Nf3 exd4 5.Bxc4 Nc6 6.O-O Be6 7.Bxe6 fxe6 8.Qb3 Qd7
9.Qxb7 Rb8 10.Qa6 Nf6 11.Nbd2 Bd6 12.b3 O-O 13.Ba3 Bxa3 14.Qxa3 Qd6 15.Qa6 Rb6
16.Qc4 Rb4 17.Qd3 Ng4 18.Rac1 Rf7 19.Qc2 Nce5 20.Ng5 Re7 21.h3 h6 22.Ngf3 Nxf3+
23.Nxf3 Ne5 24.Nxe5 Qxe5 25.Qc5 Qd6 26.Rfd1 Rd7 27.f3 Qb6 28.Kf2 a5 29.Qxb6 cxb6
30.Ke2 e5 31.Kd3 a4 32.Rc4 Rxc4 33.bxc4 Rd6 34.a3 Rg6 35.Rd2 Rg3 36.Rb2 Kf7
37.c5 bxc5 38.Kc4 Kf6 39.Kd5 c4 40.Kxc4 Kg5 41.Kd3 Kf4 42.h4 Rg6 43.Rb7 Rxg2
44.Rf7+ Kg3 45.Rxg7+ Kxf3 46.Rf7+ Kg4 47.Rf5 Rg3+ 48.Kd2 Rxa3 49.Rxe5 Rh3
50.Rd5 a3 51.Kc2 Rc3+ 52.Kd1 a2 53.Ra5 Rh3 54.Rxa2 Rh1+ 55.Kc2 Rh2+ 56.Kb3 Rxa2
57.Kxa2 Kf4 58.Kb2 Kxe4 59.Kc2 Ke3 60.Kd1 h5  0-1

[Event "Chigorin Memorial 2016"]
[Site "St Petersburg RUS"]
[Date "2016.10.15"]
[Round "1.19"]
[White "Ponkratov,P"]
[Black "Baranov,An"]
[Result "1-0"]
[WhiteElo "2589"]
[BlackElo "2121"]

1.d4 d5 2.c4 dxc4 3.e4 Nf6 4.e5 Nd5 5.Bxc4 Nc6 6.Ne2 Be6 7.Nd2 g6 8.Ne4 Bf5
9.f3 Na5 10.Qa4+ Nc6 11.Bb5 Bd7 12.Qb3 Bc8 13.Bd2 Nb6 14.Nf4 a6 15.e6 f6
16.Bxc6+ bxc6 17.Qc2 Bb7 18.Nxg6 hxg6 19.Nxf6+ exf6 20.Qxg6+  1-0

[Event "20th Hoogeveen Open 2016"]
[Site "Hoogeveen NED"]
[Date "2016.10.18"]
[Round "4.16"]
[White "Harsha,B"]
[Black "Vedder,R"]
[Result "1-0"]
[WhiteElo "2363"]
[BlackElo "2205"]

1.d4 d5 2.c4 dxc4 3.e4 Nc6 4.Nf3 Bg4 5.d5 Ne5 6.Bf4 Ng6 7.Bg3 e5 8.Bxc4 Bd6
9.Nbd2 Nf6 10.h3 Bd7 11.O-O O-O 12.Qb3 b5 13.Bd3 Nh5 14.Bh2 Nhf4 15.Rfe1 Nxd3
16.Qxd3 Qe7 17.Rac1 f6 18.Nf1 Rfb8 19.Ne3 Qf7 20.Rc2 a5 21.Nd2 a4 22.Rec1 Rb7
23.Ndf1 Re8 24.Ng3 Nf4 25.Qd1 g6 26.Kh1 Kh8 27.f3 f5 28.Ne2 Nxe2 29.Qxe2 f4
30.Nd1 g5 31.Nf2 h5 32.g4 fxg3 33.Bxg3 b4 34.b3 Bb5 35.Qe3 Qf6 36.Nd3 Rf8
37.Rf2 axb3 38.axb3 Ra8 39.h4 Bxd3 40.hxg5 Qg6 41.Qxd3 Qxg5 42.Rg1 Rba7 43.f4 Qg4
44.fxe5 Bc5 45.e6 Qg7 46.Bh2 Ra1 47.Rg2 Qf6 48.Qh3 h4 49.Be5  1-0

[Event "SPICE Cup Open 2016"]
[Site "Saint Louis USA"]
[Date "2016.10.19"]
[Round "4.13"]
[White "Kavutskiy,K"]
[Black "Santarius,E"]
[Result "1/2-1/2"]
[WhiteElo "2332"]
[BlackElo "2289"]

1.d4 d5 2.c4 dxc4 3.e4 Nf6 4.e5 Nd5 5.Bxc4 e6 6.Nf3 b6 7.O-O Be7 8.Nc3 Nxc3
9.bxc3 Bb7 10.a4 O-O 11.Qe2 c5 12.Rd1 Qc8 13.Bg5 Bxg5 14.Nxg5 h6 15.Ne4 cxd4
16.Nf6+ Kh8 17.Qd3 gxf6 18.Qh3 Kh7 19.exf6 e5 20.Qh5 Qc6 21.Bd3+ e4 22.Qf5+ Kh8
23.Qf4 Kh7 24.Qf5+ Kh8 25.Qf4 Kh7 26.Qf5+  1/2-1/2

[Event "Chigorin Memorial 2016"]
[Site "St Petersburg RUS"]
[Date "2016.10.19"]
[Round "5.15"]
[White "Ponkratov,P"]
[Black "Kharchenko,B"]
[Result "1-0"]
[WhiteElo "2589"]
[BlackElo "2464"]

1.d4 d5 2.c4 dxc4 3.e4 e5 4.Nf3 exd4 5.Bxc4 Nc6 6.O-O Be6 7.Bb5 Bc5 8.Ng5 Qd7
9.Nd2 Nge7 10.Kh1 O-O-O 11.f4 h6 12.Nxe6 fxe6 13.a3 Kb8 14.b4 Bb6 15.Bd3 Nc8
16.Nb3 g5 17.a4 a5 18.bxa5 Nxa5 19.Bd2 Nxb3 20.Qxb3 c6 21.Rab1 Ka8 22.Rfc1 Ba7
23.Rc4 Rdf8 24.Rb4 Rf7 25.e5 Bc5 26.Rc4 Ba7 27.Rb4 Bc5 28.Rc4 Ba7 29.Bg6 Rg7
30.Be4 Nb6 31.Rc5 Nd5 32.Ra5 Qc7 33.f5 exf5 34.Bxd5 cxd5 35.Rc1 Qxe5 36.Qb6 Qb8
37.Bb4  1-0

[Event "TCh-AUT 2016-17"]
[Site "Austria AUT"]
[Date "2016.10.21"]
[Round "2.3"]
[White "Wagner,De"]
[Black "Kvetny,M"]
[Result "1/2-1/2"]
[WhiteElo "2543"]
[BlackElo "2387"]

1.d4 d5 2.c4 dxc4 3.e4 Nc6 4.Nf3 Nf6 5.Nc3 Bg4 6.d5 Ne5 7.Bf4 Nfd7 8.Bxe5 Nxe5
9.Qd4 Nxf3+ 10.gxf3 Bxf3 11.Qxc4 e6 12.Qa4+ c6 13.dxc6 b5 14.Bxb5 Qc7 15.Rg1 Bd6
16.Be2 Bxe2 17.Kxe2 O-O 18.Qd4 Be5 19.Qc5 Bxh2 20.Rxg7+ Kxg7 21.Qg5+ Kh8
22.Qf6+ Kg8 23.Qg5+ Kh8 24.Qf6+ Kg8 25.Qg5+  1/2-1/2